Finanční analýza obchodních korporací

Saved in:
Bibliographic Details
Main Author Brabenec, Tomáš (Author)
Format Book
LanguageCzech
Published Jesenice : Ekopress, [2025]
Edition2. upravené a rozšířené vydání
Subjects
ISBN978-80-53036-00-9
Physical Description330 stran : ilustrace, portréty ; 25 cm

Cover

LEADER 00000aam a2200000 i 4500
001 115527
003 CZ-ZlUTB
005 20260429082905.0
007 ta
008 260107t20252025xr ac f 001 0 cze d
015 |a cnb003732369 
020 |a 978-80-53036-00-9  |q (vázáno) 
040 |a KLG001  |b cze  |d ABA001  |d ZLd002  |e rda 
072 7 |a 657  |x Účetnictví  |2 Konspekt  |9 4 
080 |a 657.41/.45  |2 MRF 
080 |a 347.72  |2 MRF 
080 |a (048.8)  |2 MRF 
100 1 |a Brabenec, Tomáš  |7 jo2016911781  |4 aut 
245 1 0 |a Finanční analýza obchodních korporací /  |c Tomáš Brabenec 
250 |a 2. upravené a rozšířené vydání 
264 1 |a Jesenice :  |b Ekopress,  |c [2025] 
264 4 |c ©2025 
300 |a 330 stran :  |b ilustrace, portréty ;  |c 25 cm 
336 |a text  |b txt  |2 rdacontent 
337 |a bez média  |b n  |2 rdamedia 
338 |a svazek  |b nc  |2 rdacarrier 
500 |a Obsahuje QR kódy s přístupem k rozšiřujícím materiálům 
504 |a Obsahuje bibliografické odkazy, bibliografii a rejstřík 
650 0 7 |a finanční analýza  |7 ph120235  |2 czenas 
650 0 7 |a obchodní společnosti  |7 ph115518  |2 czenas 
650 0 9 |a financial analysis  |2 eczenas 
650 0 9 |a corporations  |2 eczenas 
655 7 |a monografie  |7 fd132842  |2 czenas 
655 9 |a monographs  |2 eczenas 
710 2 |a Ekopress (nakladatelství)  |7 ko20261291939  |4 pbl 
910 |a ZLD002 
942 |2 udc 
952 |0 0  |1 0  |4 0  |5 0  |6 657BRABENECT  |7 -1  |8 BOOK  |9 190856  |a UTBZL  |b UTBZL  |c 005  |d 2026-04-24  |l 0  |o 657/BRABENEC,T.  |p 420010202002  |r 2026-04-24 11:06:32  |v 568.00  |w 2026-04-24  |x N:nákup  |y 01 
992 |a BK  |b SK 
999 |c 115527  |d 115527